000 01596nam a2200373 i 4500
001 990011113700204201
003 BJBSDDR
005 20251208165520.0
006 a|||||r|||| 00| 0
007 ta
008 060529s1998 sp r 000 0 spa d
017 _aM-30910-1998
020 _a8488203055
035 _aCSIC001111370
035 _a(ES-MaCSI)001111370MAD01-Aleph
040 _aES-MaCSI
_bspa
_cBJBSDDR
041 _aspa
050 _bK44t 1998
100 1 _aKeynes, John Maynard,
_d1883-1946.
_92863
245 1 3 _aLa teoría general del empleo, el interés y el dinero /
_cJohn Maynard Keynes.
260 _aMadrid :
_bAosta,
_c1998.
300 _a485 Páginas ;
_c22 cm
490 1 _aBiblioteca de grandes economistas del s. XX ;
_v5
520 _aKeynes demuestra que el capitalismo puede quedarse atrapado en desempleo involuntario porque la economía no se autoregula. El nivel de empleo depende de la demanda efectiva (consumo + inversión). La inversión depende de expectativas y de la preferencia por liquidez, no del ahorro. La tasa de interés es un fenómeno monetario, no un equilibrio “natural”. Por eso, en recesiones el Estado debe intervenir para estimular demanda, inversión y empleo.
650 7 _aKeynes, Teoría de.
_2CSICAU
650 7 _aEmpleo.
_2CSICAU
650 7 _aInterés (Economía)
_2CSICAU
650 7 _aEconomía.
_2CSICAU
650 7 _aMoneda.
_2CSICAU
700 1 _aAguirre Rodríguez, José Antonio
_etraductor.
_946452
830 0 _aBiblioteca de grandes economistas del s. XX ;
_v5
942 _2lcc
_n0
_cBK
946 _iLLH
999 _c126096
_d126096